| Tag |
First Indicator |
Second Indicator |
Subfields |
| LEADER |
00000cam a2200000 4500 |
| 001 |
in00000086676 |
| 005 |
20230810113445.0 |
| 008 |
700629s1969 dcu r 000 0 eng |
| 016 |
7 |
|
|a 0247376
|2 DNLM
|
| 019 |
|
|
|a 335640
|a 14494343
|
| 020 |
|
|
|a 0309000114
|
| 020 |
|
|
|a 9780309000116
|
| 029 |
0 |
|
|a NLM
|b 0247376
|
| 029 |
1 |
|
|a ZWZ
|b 014840960
|
| 035 |
|
|
|a (OCoLC)ocm20469157
|
| 035 |
|
|
|a (OCoLC)20469157
|z (OCoLC)335640
|z (OCoLC)14494343
|
| 035 |
|
|
|a (OCoLC)ocm20469157
|
| 040 |
|
|
|a NLM
|b eng
|c NLM
|d UBY
|d OCLCO
|d OCLCF
|d OCLCQ
|d OCLCO
|d OCLCQ
|d ZCU
|d AGL
|d OCLCO
|d OCL
|
| 043 |
|
|
|a n-us---
|
| 050 |
|
4 |
|a GC30.A1
|b D5
|
| 060 |
1 |
0 |
|a GC 10
|b N277d 1969
|
| 070 |
|
|
|a GC10.V42
|
| 082 |
0 |
4 |
|a 551.46025
|b N277d
|
| 110 |
2 |
|
|a National Research Council (U.S.).
|b Committee on Oceanography.
|
| 245 |
1 |
0 |
|a Directory of oceanographers in the United States, 1969.
|c compiled by Richard C. Vetter.
|
| 260 |
|
|
|a Washington,
|b National Academy of Sciences,
|c 1969.
|
| 300 |
|
|
|a 72 pages
|
| 336 |
|
|
|a text
|b txt
|2 rdacontent
|
| 337 |
|
|
|a unmediated
|b n
|2 rdamedia
|
| 338 |
|
|
|a volume
|b nc
|2 rdacarrier
|
| 500 |
|
|
|a Based on the list of U.S. oceanographers submitted to UNESCO Office of Oceanography for the publication of its International directory of oceanographers.
|
| 650 |
|
0 |
|a Oceanographers
|z United States
|v Directories.
|
| 650 |
|
0 |
|a Oceanography.
|
| 650 |
|
2 |
|a Oceanography
|
| 651 |
|
2 |
|a United States
|
| 650 |
|
6 |
|a Océanographes
|z États-Unis
|v Répertoires.
|
| 650 |
|
6 |
|a Océanographie.
|
| 650 |
|
7 |
|a oceanography.
|2 aat
|
| 650 |
|
7 |
|a Oceanography.
|2 fast
|0 (OCoLC)fst01043671
|
| 650 |
|
7 |
|a Oceanographers.
|2 fast
|0 (OCoLC)fst01043636
|
| 651 |
|
7 |
|a United States.
|2 fast
|0 (OCoLC)fst01204155
|
| 655 |
|
2 |
|a Directory
|
| 655 |
|
7 |
|a Directories.
|2 fast
|0 (OCoLC)fst01423796
|
| 655 |
|
7 |
|a Directory.
|2 mesh
|
| 700 |
1 |
|
|a Vetter, Richard C.
|
| 948 |
|
|
|h HELD BY TXA - 60 OTHER HOLDINGS
|
| 994 |
|
|
|a Z0
|b TXA
|
| 999 |
f |
f |
|s 63d073ff-a910-308d-baf1-d31f78bcc625
|i 948be456-3c48-3a8f-b664-e8b9310e45a4
|t 0
|
| 952 |
f |
f |
|p ric
|a Texas A&M University
|b Rellis Campus
|c Joint Library Facility
|d Remote Storage
|t 0
|e GC10 V38 1969
|h Library of Congress classification
|i unmediated -- volume
|m A14805981834
|
| 998 |
f |
f |
|a GC10 V38 1969
|t 0
|l Remote Storage
|